000
00286nam a2200133Ia 4500
082
_a
611
_b
C10S
100
_a
SNEL, R.S.
245
_a
CLINICAL NEUROANATOMY
250
_a
1ST
260
_b
WOLTERS HLUWER
_a
DELHI
_c
2010
300
_a
1-542
650
_a
HUMAN ANATOMY
942
_2
ddc
_c
BK
_0
25
999
_c
251
_d
251